000
00286nam a2200121Ia 4500
008
220216s9999 xx 000 0 und d
100
_a
Jacob Jom
245
0
_a
Did ITRC achieve its proclaimed goal?
260
_b
Rubber Asia
_c
2013
300
_a
50-55
650
_a
Rubber
942
_c
BS
999
_c
49717
_d
49717